ბათუმის შოთა რუსთაველის სახელმწიფო უნივერსიტეტის ბიბლიოთეკა

ნარკვევები თურქეთის ისტორიიდან : (ბიბ.ჩანაწერი № 61358)

000 -ლიდერი
ფიქსირებული სიგრძის საკონტროლო ველი 01250nam a22002297a 4500
003 - საკონტროლო ნომრის იდენტიფიკატორი
საკონტროლო ველი Ge_BSU
005 - ბოლო ოპერაციის თარიღი და დრო
საკონტროლო ველი 20240222172008.0
008 - ფიქსირებული სიგრძის მონაცემთა ელემენტები - ზოგადი ინფორმაცია
ფიქსირებული სიგრძის საკონტროლო ველი 240222s2018 ge ||||| |||| 00| 0 geo d
020 ## - წიგნის საერთაშორისო სტანდარტული ნომერი
International Standard Book Number 9789941441806
041 ## - ენის კოდი
Language code of text/sound track or separate title geo
080 ## - უნივერსალური ათობითი კლასიფიკაციის ინდექსი
Universal Decimal Classification number 94(560) მ-42
100 ## - მთავარი ჩანაწერი - პიროვნების სახელი
Personal name მაჩიტიძე, ელისაბედ
9 (RLIN) 21274
245 ## - ცნობა სათაურის შესახებ
Title ნარკვევები თურქეთის ისტორიიდან :
Remainder of title [კრებული] /
Statement of responsibility, etc ელისაბედ მაჩიტიძე; რედაქტორები: ელიზბარ ჯაველიძე, რევაზ გაჩეჩილაძე.
264 ## - წარმოების, გამოცემის, დისტრიბუციის და სხვა ცნობები
გამოცემის, წარმოების, დისტრიბუციის... ადგილი თბილისი :
გამოცემის, წარმოების, დისტრიბუციის... სახელწოდება კლიო,
გამოცემის, წარმოების, დისტრიბუციის... თარიღი 2018.
300 ## - ფიზიკური აღწერა
Extent 226 გვ.;
Other physical details 20 სმ.
500 ## - ზოგადი შენიშვნა
General note რეზიუმე ინგლ. ენაზე.
501 ## - შენიშვნა თანმხლებ მასალაზე
With note ბიბლიოგრ. სტატიების ბოლოს და ტექსტის შენიშვნებში.
653 ## - INDEX TERM--UNCONTROLLED
Uncontrolled term თურქეთის ისტორია
700 ## - ADDED ENTRY--PERSONAL NAME
Personal name ჯაველიძე, ელიზბარ
Relator term რედაქტორი
9 (RLIN) 17629
700 ## - ADDED ENTRY--PERSONAL NAME
Personal name გაჩეჩილაძე, რევაზ
Relator term რედაქტორი
9 (RLIN) 6988
942 ## - ADDED ENTRY ELEMENTS (KOHA)
Source of classification or shelving scheme
Koha item type წიგნი
ეგზემპლარები
ჩამოწერის სტატუსი დაკარგული ეგზემპლარის სტატუსი კლასიფიკაციის წყარო ან თაროზე გაწყობის სქემა დაზიანების სტატუსი არ გაიცემა მუდმივი მდებარეობა (დაცვის ადგილი) ამჟამინდელი ადგილსამყოფელი თაროზე განთავსების ადგილი შეძენის თარიღი ღირებულება, შესყიდვის ნორმალური ფასი სრული შენახვის შიფრი შტრიხკოდი ბოლო ოპერაციის თარიღი ეგზემპლარის მიმდევრობითი ნომერი (კეტერი?) ფასის ძალაში შესვლის თარიღი ეგზემპლარის სახეობა საჯარო შენიშვნა
          ბათუმის შოთა რუსთაველის სახელმწიფო უნივერსიტეტის მთავარი ბიბლიოთეკა ბათუმის შოთა რუსთაველის სახელმწიფო უნივერსიტეტის მთავარი ბიბლიოთეკა წიგნსაცავი 2024-02-22 8.00 94(560) მ-42 67595 2024-02-22 67595 2024-02-22 წიგნი 8 ლ.